[Event "Agneaux St Lo op"]
[Site "Agneaux"]
[Date "2022.07.09"]
[Round "4"]
[White "Lemiere, Evann"]
[Black "Toussaint, Florent"]
[Result "1-0"]
[WhiteElo "1763"]
[BlackElo "1564"]
[PlyCount "33"]
[EventDate "2022.07.09"]
[EventType "swiss"]
[EventRounds "9"]
[EventCountry "FRA"]
[SourceTitle "EXT 2023"]
[Source "ChessBase"]
[SourceDate "2022.10.05"]
[SourceVersion "1"]
[SourceVersionDate "2022.10.05"]
[SourceQuality "1"]

1. c4 e5 2. g3 Nf6 3. Bg2 Nc6 4. Nc3 Bc5 5. e3 d6 6. Nge2 Bg4 7. h3 Bh5 8. a3 a5 9. 0-0 0-0 10. d3 Qd7 11. Rb1 Ne8 12. Nd5 f5 13. b4 axb4 14. axb4 Ba7 15. b5 Nd8 16. Ra1 Qc8 17. Ne7+ 1-0

[Event "FRA-ch Blitz Online Qual"]
[Site "Europe Echecs INT"]
[Date "2020.05.16"]
[Round "10"]
[White "Hadida, Simon"]
[Black "Toussaint, Florent"]
[Result "1-0"]
[WhiteElo "1900"]
[BlackElo "1391"]
[PlyCount "129"]
[EventDate "2020.05.16"]
[EventType "swiss (blitz)"]
[EventRounds "15"]
[EventCountry "FRA"]
[SourceTitle "CBM 196 Extra"]
[Source "ChessBase"]
[SourceDate "2020.07.31"]
[SourceVersion "1"]
[SourceVersionDate "2020.07.31"]
[SourceQuality "1"]

1. e4 e5 2. Nf3 Nc6 3. Bc4 Nf6 4. d3 Bc5 5. c3 d6 6. 0-0 Be6 7. Nbd2 0-0 8. a4 a6 9. b4 Ba7 10. Qb3 Qd7 11. Re1 Rfe8 12. Nf1 h6 13. Ng3 Bxc4 14. Qxc4 Ne7 15. Qb3 Ng6 16. Nf5 Nh5 17. g3 Nf6 18. Kg2 Ne7 19. N3h4 Ng4 20. Re2 g5 21. Nxh6+ Nxh6 22. Bxg5 Kh7 23. Bxh6 Kxh6 24. Qxf7 Rf8 25. Qb3 Qg4 26. f3 Qg5 27. Qe6+ Kg7 28. Qd7 Rac8 29. Nf5+ Kf7 30. h4 Qf6 31. Rh1 Rg8 32. Qxe7+ Qxe7 33. Nxe7 Kxe7 34. g4 Rcf8 35. g5 Rf4 36. Kg3 Rgf8 37. Rf1 Rh8 38. Rh2 Kf7 39. h5 Rg8 40. g6+ Kg7 41. Rh4 Kh6 42. Rxf4 exf4+ 43. Kxf4 Rf8+ 44. Kg4 Be3 45. f4 Bd2 46. f5 Bxc3 47. b5 axb5 48. axb5 c6 49. bxc6 bxc6 50. Rc1 Be5 51. Rxc6 Rg8 52. Rc7 Rh8 53. Rc4 Rg8 54. d4 Bh8 55. Ra4 Rf8 56. Ra7 Bg7 57. e5 dxe5 58. dxe5 Rd8 59. f6 Rd4+ 60. Kf5 Rd3 61. fxg7 Rf3+ 62. Ke6 Rf6+ 63. Kxf6 Kxh5 64. g8Q Kh6 65. Qh8# 1-0

[Event "FRA-ch Blitz Online Qual"]
[Site "Europe Echecs INT"]
[Date "2020.05.16"]
[Round "12"]
[White "Migus, Ethan"]
[Black "Toussaint, Florent"]
[Result "1-0"]
[WhiteElo "1084"]
[BlackElo "1391"]
[PlyCount "61"]
[EventDate "2020.05.16"]
[EventType "swiss (blitz)"]
[EventRounds "15"]
[EventCountry "FRA"]
[SourceTitle "CBM 196 Extra"]
[Source "ChessBase"]
[SourceDate "2020.07.31"]
[SourceVersion "1"]
[SourceVersionDate "2020.07.31"]
[SourceQuality "1"]

1. e4 e5 2. Nf3 Nc6 3. Bc4 Nf6 4. Nc3 Bc5 5. d3 d6 6. h3 Be6 7. Bxe6 fxe6 8. Bg5 0-0 9. Qd2 h6 10. Bh4 Qd7 11. Bxf6 Rxf6 12. 0-0-0 d5 13. exd5 exd5 14. Rhe1 Re6 15. Re2 Rd8 16. Rde1 Qe8 17. Na4 Bb4 18. c3 Ba5 19. Nc5 Re7 20. Nxb7 Rb8 21. Nxa5 Nxa5 22. Rxe5 Qb5 23. Rxe7 c5 24. Rxa7 d4 25. c4 Nxc4 26. dxc4 Qxc4+ 27. Qc2 Qd5 28. Ra4 d3 29. Qc4 Qxc4+ 30. Rxc4 Rd8 31. Rd1 1-0

[Event "FRA-ch Blitz Online Qual"]
[Site "Europe Echecs INT"]
[Date "2020.05.16"]
[Round "4"]
[White "Naillou, Thomas"]
[Black "Toussaint, Florent"]
[Result "0-1"]
[WhiteElo "2072"]
[BlackElo "1391"]
[PlyCount "122"]
[EventDate "2020.05.16"]
[EventType "swiss (blitz)"]
[EventRounds "15"]
[EventCountry "FRA"]
[SourceTitle "CBM 196 Extra"]
[Source "ChessBase"]
[SourceDate "2020.07.31"]
[SourceVersion "1"]
[SourceVersionDate "2020.07.31"]
[SourceQuality "1"]

1. e4 e5 2. Nf3 Nc6 3. Bc4 Nf6 4. Ng5 Bc5 5. Nxf7 Bxf2+ 6. Kf1 Qe7 7. Nxh8 d5 8. d3 dxc4 9. Kxf2 Ng4+ 10. Ke1 cxd3 11. cxd3 Bd7 12. Nc3 0-0-0 13. Qe2 Rxh8 14. Be3 Nxe3 15. Qxe3 Rf8 16. Kd2 Nd4 17. Rhf1 Rd8 18. Rf2 Be8 19. Nd5 Qd7 20. Rf8 c6 21. Nc3 Ne6 22. Rf3 Nf4 23. g3 Ne6 24. Raf1 Qd6 25. h4 Bh5 26. Rf5 Bg4 27. Rf7 Bh5 28. Ne2 Bxf7 29. Rxf7 Qb4+ 30. Kc2 Qa4+ 31. Kc1 Qxa2 32. Nc3 Qa1+ 33. Kc2 Qh1 34. Qxa7 Qh2+ 35. Kb3 Nc7 36. Qb6 Rd7 37. Rxd7 Kxd7 38. Qxb7 Qxg3 39. Kc4 Qxh4 40. Na4 Qe7 41. Nc5+ Kd6 42. Qb4 Qf7+ 43. Kc3 Ke7 44. Nb7+ Kd7 45. Qd6+ Kc8 46. Nc5 Nb5+ 47. Kd2 Nxd6 48. b4 Qa7 49. Kc3 Qa3+ 50. Nb3 Nb5+ 51. Kc4 Qa2 52. d4 exd4 53. e5 Kd7 54. e6+ Kxe6 55. Kc5 Qxb3 56. Kb6 d3 57. Kc5 d2 58. Kb6 d1Q 59. Kb7 Qd7+ 60. Kb8 Qc7+ 61. Ka8 Qa4# 0-1

[Event "FRA-ch Blitz Online Qual"]
[Site "Europe Echecs INT"]
[Date "2020.05.16"]
[Round "8"]
[White "Rapaire, Jean Michel"]
[Black "Toussaint, Florent"]
[Result "1/2-1/2"]
[WhiteElo "1742"]
[BlackElo "1391"]
[PlyCount "104"]
[EventDate "2020.05.16"]
[EventType "swiss (blitz)"]
[EventRounds "15"]
[EventCountry "FRA"]
[SourceTitle "CBM 196 Extra"]
[Source "ChessBase"]
[SourceDate "2020.07.31"]
[SourceVersion "1"]
[SourceVersionDate "2020.07.31"]
[SourceQuality "1"]

1. e4 e5 2. Nf3 Nc6 3. Bb5 a6 4. Bxc6 dxc6 5. d4 exd4 6. Qxd4 Qxd4 7. Nxd4 Bc5 8. Be3 Bb6 9. Nd2 Bd7 10. c3 0-0-0 11. 0-0-0 Nf6 12. f3 Rhe8 13. Rhe1 c5 14. N4b3 Bb5 15. c4 Bc6 16. Bxc5 Bxc5 17. Nxc5 Rd4 18. Ncb3 Rd3 19. Nb1 Red8 20. Rxd3 Rxd3 21. Rd1 Rxd1+ 22. Kxd1 Ba4 23. N1d2 Nd7 24. Ke2 Ne5 25. h3 Kd7 26. Ke3 Kd6 27. f4 Ng6 28. g3 f6 29. Kd4 Bc6 30. Nc5 Ne7 31. Nd3 Nc8 32. b4 Bd7 33. h4 b6 34. e5+ fxe5+ 35. Nxe5 c5+ 36. bxc5+ bxc5+ 37. Kc3 Be6 38. Ne4+ Ke7 39. Nxc5 Nd6 40. Nxe6 Kxe6 41. Kd4 Nf5+ 42. Kc5 Nxg3 43. Kb6 Nf5 44. Kxa6 Nxh4 45. c5 Ng2 46. Nd3 Kd5 47. Kb6 Ne3 48. c6 Nc4+ 49. Kb7 Nd6+ 50. Kb6 Nc4+ 51. Kb5 Nd6+ 52. Kb6 Nc4+ 1/2-1/2